Banking and Negotiable Instruments (Record no. 49612)

MARC details
000 -LEADER
fixed length control field 00491nam a22001697a 4500
008 - FIXED-LENGTH DATA ELEMENTS--GENERAL INFORMATION
fixed length control field 250224b ||||| |||| 00| 0 eng d
020 ## - INTERNATIONAL STANDARD BOOK NUMBER
International Standard Book Number 9788119114443
041 ## - LANGUAGE CODE
Language code of text/sound track or separate title eng
082 ## - DEWEY DECIMAL CLASSIFICATION NUMBER
Classification number 346.082
Item number AVB
100 ## - MAIN ENTRY--PERSONAL NAME
Personal name Avtar Singh
245 ## - TITLE STATEMENT
Title Banking and Negotiable Instruments
Remainder of title : Dishonour of Cheques, Recovery of Debts Due to Banks and Financial Institutions Act, 1993
250 ## - EDITION STATEMENT
Edition statement 3rd Ed.
260 ## - PUBLICATION, DISTRIBUTION, ETC.
Place of publication, distribution, etc. Lucknow
Name of publisher, distributor, etc. EBC
Date of publication, distribution, etc. 2023 Rep.
300 ## - PHYSICAL DESCRIPTION
Extent xcii, 582p.
650 ## - SUBJECT ADDED ENTRY--TOPICAL TERM
Topical term or geographic name entry element LAW
942 ## - ADDED ENTRY ELEMENTS (KOHA)
Koha item type Books
Holdings
Withdrawn status Lost status Source of classification or shelving scheme Damaged status Not for loan Home library Current library Date acquired Source of acquisition Cost, normal purchase price Total Checkouts Full call number Barcode Date last seen Date last checked out Price effective from Koha item type
    Dewey Decimal Classification     Chaudhary Ranbir Singh University Chaudhary Ranbir Singh University 17.12.2024 CBS Publishers & Distributors Pvt.Ltd. 675.00 3 346.082 AVB 38575 08.07.2025 08.07.2025 24.02.2025 Books
    Dewey Decimal Classification     Chaudhary Ranbir Singh University Chaudhary Ranbir Singh University 17.12.2024 CBS Publishers & Distributors Pvt.Ltd. 675.00   346.082 AVB 38576 24.02.2025   24.02.2025 Books
    Dewey Decimal Classification     Chaudhary Ranbir Singh University Chaudhary Ranbir Singh University 17.12.2024 CBS Publishers & Distributors Pvt.Ltd. 675.00   346.082 AVB 38577 24.02.2025   24.02.2025 Books


Copyright © 2025 CRSU. All Rights Reserved.